书目信息 |
| 题名: |
遗传致残的预防
|
|
| 作者: | 关洁媛 编著 | |
| 分册: | ||
| 出版信息: | 北京 华夏出版社 1996 |
|
| 页数: | 26页 | |
| 开本: | 20cm | |
| 丛书名: | ||
| 单 册: | ||
| 中图分类: | R596 | |
| 科图分类: | ||
| 主题词: | 全身性疾病 | |
| 电子资源: | ||
| ISBN: | 7-5080-0965-7 | |
| 000 | 00575nam0 2200205 450 | |
| 001 | 0768522301 | |
| 005 | 20131011102215.03 | |
| 010 | @a7-5080-0965-7@dCNY1.50 | |
| 100 | @a20070728d1996 km y0chiy0120 ea | |
| 101 | 0 | @achi |
| 102 | @aCN@b110000 | |
| 200 | 1 | @a遗传致残的预防@Ayi chuan zhi can de yu fang@f关洁媛编著@Fguan jie yuan bian zhu |
| 210 | @a北京@c华夏出版社@d1996 | |
| 215 | @a26页@d20cm | |
| 300 | @a残疾预防科普读物 | |
| 606 | 0 | @a全身性疾病 |
| 690 | @aR596@v3 | |
| 701 | 0 | @a关洁媛@Aguan jie yuan@4编著 |
| 801 | 0 | @aCN@bPFT@c20070730 |
| 905 | @a10447@dR596@e123 | |
| 遗传致残的预防/关洁媛编著.-北京:华夏出版社,1996 |
| 26页;20cm |
| 残疾预防科普读物 |
| ISBN 7-5080-0965-7:CNY1.50 |
| ● |
| 相关链接 |
|
|
|
|
正题名:遗传致残的预防
索取号:R596/123
 
预约/预借
| 序号 | 登录号 | 条形码 | 馆藏地/架位号 | 状态 | 备注 |
| 1 | 0789605 | 207896053 | 第二样本阅览室/ [索取号:R596/123] | 在馆 | |
| 2 | 0789606 | 207896062 | 第三借阅区/ [索取号:R596/123] | 在馆 | |
| 3 | 0789607 | 207896071 | 第三借阅区/ [索取号:R596/123] | 在馆 | |
| 4 | 0789608 | 207896080 | 第三借阅区/ [索取号:R596/123] | 在馆 | |
| 5 | 0789609 | 207896099 | 第三借阅区/ [索取号:R596/123] | 在馆 |